000 00304nam a2200133 i 4500
001 bg
245 0 _aBudowle triangulacyjne :
_binstrukcja techniczna A-X.
260 _aWarszawa,
_c1973.
040 _cBPK
041 _apol
080 _a528
942 _cKS
008 s pl f |000 0 pol
999 _c16182
_d16182
856 _uhttp://koha.tu.koszalin.pl/cgi-bin/koha/opac-detail.pl?biblionumber=16182
_yKatalog online BPK